[Event "Russian Rapid Championship (m)"]
[Site "Sochi"]
[Date "2022.10.16"]
[Round "6.17"]
[White "Dragomarezkij, Evgeni"]
[Black "Bocharov, Dmitry"]
[Result "1-0"]
[BlackElo "2562"]
[WhiteElo "2197"]
[LiveChessVersion "1.4.8"]

1. d4 {[%clk 0:15:20]} Nf6 {[%clk 0:13:20]} 2. c4 {[%clk 0:15:24]} e6
{[%clk 0:13:29]} 3. Nf3 {[%clk 0:15:27]} b6 {[%clk 0:13:25]} 4. g3
{[%clk 0:15:12]} Ba6 {[%clk 0:13:31]} 5. Qc2 {[%clk 0:14:54]} Bb7
{[%clk 0:13:36]} 6. Bg2 {[%clk 0:14:30]} c5 {[%clk 0:13:43]} 7. O-O
{[%clk 0:13:23]} cxd4 {[%clk 0:13:34]} 8. Nxd4 {[%clk 0:13:13]} Bxg2
{[%clk 0:13:39]} 9. Kxg2 {[%clk 0:13:21]} Qc7 {[%clk 0:13:41]} 10. Bg5
{[%clk 0:11:28]} Be7 {[%clk 0:12:21]} 11. Nd2 {[%clk 0:11:32]} Nc6
{[%clk 0:09:19]} 12. N2f3 {[%clk 0:09:32]} Nxd4 {[%clk 0:08:37]} 13. Nxd4
{[%clk 0:09:37]} O-O {[%clk 0:08:40]} 14. Rac1 {[%clk 0:09:39]} Rac8
{[%clk 0:08:46]} 15. Qd3 {[%clk 0:08:17]} a6 {[%clk 0:08:06]} 16. e4
{[%clk 0:06:47]} h6 {[%clk 0:07:49]} 17. Bf4 {[%clk 0:06:22]} d6 {[%clk 0:07:41]}
18. Ne2 {[%clk 0:05:48]} Rfd8 {[%clk 0:05:16]} 19. Rfd1 {[%clk 0:05:46]} Qb7
{[%clk 0:05:00]} 20. f3 {[%clk 0:05:54]} b5 {[%clk 0:04:45]} 21. cxb5
{[%clk 0:05:56]} axb5 {[%clk 0:04:51]} 22. Rxc8 {[%clk 0:05:19]} Rxc8
{[%clk 0:04:59]} 23. Bxd6 {[%clk 0:03:53]} Rd8 {[%clk 0:04:25]} 24. e5
{[%clk 0:04:02]} Nd5 {[%clk 0:04:32]} 25. Nc3 {[%clk 0:03:54]} Bxd6
{[%clk 0:03:36]} 26. exd6 {[%clk 0:03:14]} Rxd6 {[%clk 0:03:30]} 27. Nxd5
{[%clk 0:03:13]} exd5 {[%clk 0:03:23]} 28. Re1 {[%clk 0:03:17]} Rd8
{[%clk 0:03:25]} 29. Qd4 {[%clk 0:03:07]} b4 {[%clk 0:03:19]} 30. a3
{[%clk 0:02:47]} bxa3 {[%clk 0:03:06]} 31. bxa3 {[%clk 0:02:56]} Qb3
{[%clk 0:03:12]} 32. Re3 {[%clk 0:02:45]} Qc2+ {[%clk 0:02:41]} 33. Kh3
{[%clk 0:02:53]} Qc1 {[%clk 0:01:57]} 34. Kg2 {[%clk 0:02:57]} Rb8
{[%clk 0:01:54]} 35. Re2 {[%clk 0:02:49]} Rb1 {[%clk 0:01:22]} 36. Re8+
{[%clk 0:02:45]} Kh7 {[%clk 0:01:30]} 37. Qd3+ {[%clk 0:02:54]} g6
{[%clk 0:01:35]} 38. Re7 {[%clk 0:02:44]} Rb2+ {[%clk 0:01:11]} 39. Kh3
{[%clk 0:02:52]} Kg8 {[%clk 0:00:49]} 40. Qxd5 {[%clk 0:01:54]} Qf1+
{[%clk 0:00:56]} 41. Kg4 {[%clk 0:01:38]} h5+ {[%clk 0:00:48]} 42. Kh4
{[%clk 0:01:01]} g5+ {[%clk 0:00:33]} 43. Qxg5+ {[%clk 0:01:02]} Kf8
{[%clk 0:00:42]} 44. Rxf7+ {[%clk 0:00:55]} Kxf7 {[%clk 0:00:50]} 45. Qf5+
{[%clk 0:01:02]} Ke7 {[%clk 0:00:51]} 46. Qe5+ {[%clk 0:01:11]} Kf7
{[%clk 0:01:00]} 47. Qxb2 {[%clk 0:01:16]} Qxf3 {[%clk 0:01:09]} 48. Qb4
{[%clk 0:01:10]} Qf6+ {[%clk 0:01:00]} 49. Kxh5 {[%clk 0:01:14]} Qg6+
{[%clk 0:01:09]} 50. Kh4 {[%clk 0:01:22]} Qh6+ {[%clk 0:01:18]} 51. Kg4
{[%clk 0:01:30]} Qxh2 {[%clk 0:01:27]} 52. Qf4+ {[%clk 0:01:37]} Ke6
{[%clk 0:01:31]} 53. Qe4+ {[%clk 0:01:46]} Kf6 {[%clk 0:01:37]} 54. a4
{[%clk 0:01:54]} Qg1 {[%clk 0:01:33]} 55. Qf5+ {[%clk 0:01:59]} Kg7
{[%clk 0:01:41]} 56. Qd7+ {[%clk 0:02:03]} Kf6 {[%clk 0:01:48]} 57. Qd6+
{[%clk 0:02:09]} Kf7 {[%clk 0:01:53]} 58. Qd5+ {[%clk 0:02:18]} Kf6
{[%clk 0:02:00]} 59. a5 {[%clk 0:02:24]} Qa1 {[%clk 0:01:54]} 60. Qf5+
{[%clk 0:02:28]} Kg7 {[%clk 0:02:00]} 61. Qd5 {[%clk 0:02:15]} Qa4+
{[%clk 0:01:46]} 62. Kg5 {[%clk 0:02:13]} Qa1 {[%clk 0:01:43]} 63. Qd7+
{[%clk 0:02:17]} Kf8 {[%clk 0:01:51]} 64. Qd8+ {[%clk 0:02:20]} Kf7
{[%clk 0:02:00]} 65. Qc7+ {[%clk 0:02:23]} Ke6 {[%clk 0:02:04]} 66. Qc4+
{[%clk 0:02:25]} Ke7 {[%clk 0:02:05]} 67. Qc5+ {[%clk 0:02:12]} Kf7
{[%clk 0:02:11]} 68. Qf5+ {[%clk 0:02:17]} Kg7 {[%clk 0:02:04]} 69. Qg6+
{[%clk 0:02:12]} 1-0

[Event "Russian Rapid Championship (m)"]
[Site "Sochi"]
[Date "2022.10.16"]
[Round "6.18"]
[White "Zvjaginsev, Vadim"]
[Black "Zverev, Lev"]
[Result "1-0"]
[BlackElo "2309"]
[WhiteElo "2498"]
[LiveChessVersion "1.4.8"]

1. e4 {[%clk 0:13:38]} e5 {[%clk 0:15:16]} 2. Bc4 {[%clk 0:13:46]} Nf6
{[%clk 0:15:07]} 3. d3 {[%clk 0:13:54]} Nc6 {[%clk 0:15:07]} 4. Nc3
{[%clk 0:13:57]} Na5 {[%clk 0:14:56]} 5. Bb3 {[%clk 0:13:34]} Be7
{[%clk 0:14:44]} 6. f4 {[%clk 0:13:06]} Nxb3 {[%clk 0:13:52]} 7. axb3
{[%clk 0:13:14]} d6 {[%clk 0:14:00]} 8. Nf3 {[%clk 0:12:40]} exf4
{[%clk 0:13:40]} 9. Bxf4 {[%clk 0:12:47]} O-O {[%clk 0:13:46]} 10. O-O
{[%clk 0:12:53]} Be6 {[%clk 0:13:16]} 11. Nd4 {[%clk 0:12:20]} Qd7
{[%clk 0:11:17]} 12. Bg5 {[%clk 0:12:04]} d5 {[%clk 0:09:41]} 13. exd5
{[%clk 0:10:01]} Nxd5 {[%clk 0:09:27]} 14. Bxe7 {[%clk 0:08:54]} Qxe7
{[%clk 0:08:05]} 15. Nxe6 {[%clk 0:06:48]} Qxe6 {[%clk 0:07:30]} 16. Qf3
{[%clk 0:06:23]} Nb4 {[%clk 0:06:17]} 17. Qf2 {[%clk 0:06:30]} Qb6
{[%clk 0:06:06]} 18. d4 {[%clk 0:05:46]} Rad8 {[%clk 0:05:54]} 19. Na4
{[%clk 0:05:47]} Qg6 {[%clk 0:05:30]} 20. c3 {[%clk 0:05:51]} Nd5
{[%clk 0:05:38]} 21. Qf5 {[%clk 0:03:35]} Qh6 {[%clk 0:03:41]} 22. Rf3
{[%clk 0:03:09]} b6 {[%clk 0:03:28]} 23. c4 {[%clk 0:02:15]} Nf6 {[%clk 0:02:52]}
24. d5 {[%clk 0:02:11]} Rfe8 {[%clk 0:03:01]} 25. Qf4 {[%clk 0:01:53]} Qg6
{[%clk 0:02:03]} 26. Nc3 {[%clk 0:01:42]} Qc2 {[%clk 0:01:47]} 27. Qc1
{[%clk 0:01:23]} Qg6 {[%clk 0:00:36]} 28. Rxa7 {[%clk 0:01:10]} Ng4
{[%clk 0:00:18]} 29. Ra1 {[%clk 0:01:03]} Qh5 {[%clk 0:00:13]} 30. h3
{[%clk 0:01:03]} Ne5 {[%clk 0:00:22]} 31. Rg3 {[%clk 0:01:07]} Qh4
{[%clk 0:00:22]} 32. Qg5 {[%clk 0:01:10]} Qd4+ {[%clk 0:00:28]} 33. Kh2
{[%clk 0:01:16]} Ng6 {[%clk 0:00:24]} 34. Rd1 {[%clk 0:01:19]} Qc5
{[%clk 0:00:25]} 35. d6 {[%clk 0:00:56]} cxd6 {[%clk 0:00:21]} 36. Nb5
{[%clk 0:00:35]} h6 {[%clk 0:00:21]} 37. Qd5 {[%clk 0:00:36]} Nf4
{[%clk 0:00:22]} 38. Qd4 {[%clk 0:00:19]} Ne6 {[%clk 0:00:13]} 39. Qe3
{[%clk 0:00:23]} Qxe3 {[%clk 0:00:11]} 40. Rxe3 {[%clk 0:00:31]} Nc5
{[%clk 0:00:14]} 41. Rxe8+ {[%clk 0:00:38]} Rxe8 {[%clk 0:00:23]} 42. Rxd6
{[%clk 0:00:42]} Nxb3 {[%clk 0:00:31]} 43. Rxb6 {[%clk 0:00:50]} Nd2
{[%clk 0:00:12]} 44. c5 {[%clk 0:00:53]} Rc8 {[%clk 0:00:11]} 45. b4
{[%clk 0:00:57]} Nc4 {[%clk 0:00:17]} 46. Rb7 {[%clk 0:01:01]} Rc6
{[%clk 0:00:25]} 47. Nd4 {[%clk 0:01:02]} Rc8 {[%clk 0:00:31]} 48. c6
{[%clk 0:01:08]} Nd6 {[%clk 0:00:30]} 49. Rd7 {[%clk 0:01:15]} Nc4
{[%clk 0:00:39]} 50. c7 {[%clk 0:01:16]} Kh7 {[%clk 0:00:47]} 51. Nb5
{[%clk 0:01:19]} Nb6 {[%clk 0:00:54]} 52. Nd6 {[%clk 0:01:13]} Ra8
{[%clk 0:00:55]} 53. Rd8 {[%clk 0:01:16]} 1-0

[Event "Russian Rapid Championship (m)"]
[Site "Sochi"]
[Date "2022.10.16"]
[Round "6.19"]
[White "Makarian, Rudik"]
[Black "Derjabin, Ilja"]
[Result "1-0"]
[BlackElo "2342"]
[WhiteElo "2469"]
[LiveChessVersion "1.4.8"]

1. Nf3 {[%clk 0:14:52]} c5 {[%clk 0:15:16]} 2. g3 {[%clk 0:14:36]} Nc6
{[%clk 0:15:15]} 3. Bg2 {[%clk 0:14:44]} e5 {[%clk 0:15:20]} 4. e4
{[%clk 0:14:28]} g6 {[%clk 0:14:44]} 5. O-O {[%clk 0:14:32]} Bg7 {[%clk 0:14:53]}
6. d3 {[%clk 0:14:06]} Nge7 {[%clk 0:14:56]} 7. a3 {[%clk 0:13:54]} O-O
{[%clk 0:14:55]} 8. Nc3 {[%clk 0:13:56]} f5 {[%clk 0:14:35]} 9. b4
{[%clk 0:13:33]} cxb4 {[%clk 0:13:30]} 10. axb4 {[%clk 0:13:42]} Nxb4
{[%clk 0:13:37]} 11. Ba3 {[%clk 0:13:49]} Nbc6 {[%clk 0:13:40]} 12. Qb1
{[%clk 0:12:27]} fxe4 {[%clk 0:12:24]} 13. Qa2+ {[%clk 0:11:11]} Kh8 14. dxe4
{[%clk 0:11:19]} Rxf3 {[%clk 0:11:56]} 15. Bxf3 {[%clk 0:11:26]} Nd4
{[%clk 0:12:05]} 16. Bg2 {[%clk 0:08:45]} d6 {[%clk 0:12:10]} 17. Qb2
{[%clk 0:08:53]} Be6 {[%clk 0:11:11]} 18. Nb5 {[%clk 0:08:23]} Nxb5
{[%clk 0:09:55]} 19. Qxb5 {[%clk 0:08:18]} Qc7 {[%clk 0:09:08]} 20. Rfd1
{[%clk 0:07:52]} Rd8 {[%clk 0:09:16]} 21. Qd3 {[%clk 0:07:09]} Nc8
{[%clk 0:09:08]} 22. h4 a5 {[%clk 0:08:42]} 23. Kh2 {[%clk 0:06:35]} Bf8
{[%clk 0:05:14]} 24. Bh3 {[%clk 0:06:31]} Bxh3 {[%clk 0:05:20]} 25. Kxh3
{[%clk 0:06:38]} Qd7+ {[%clk 0:05:27]} 26. Kg2 {[%clk 0:06:44]} b5
{[%clk 0:05:35]} 27. Bb2 {[%clk 0:06:45]} Nb6 {[%clk 0:04:54]} 28. Rxa5
{[%clk 0:05:30]} Nc4 {[%clk 0:05:02]} 29. Ra2 {[%clk 0:05:38]} Be7
{[%clk 0:04:32]} 30. Bc1 {[%clk 0:05:34]} Rf8 {[%clk 0:03:56]} 31. Bh6
{[%clk 0:05:21]} Rc8 {[%clk 0:04:05]} 32. Rda1 {[%clk 0:05:21]} Qd8 1-0

[Event "Russian Rapid Championship (m)"]
[Site "Sochi"]
[Date "2022.10.16"]
[Round "6.20"]
[White "Zakhartsov, Vladimir"]
[Black "Khayrullin, Denis"]
[Result "1-0"]
[BlackElo "2284"]
[WhiteElo "2435"]
[LiveChessVersion "1.4.8"]

1. c4 {[%clk 0:08:52]} Nf6 {[%clk 0:15:16]} 2. d4 {[%clk 0:09:00]} g6
{[%clk 0:15:10]} 3. Nc3 {[%clk 0:09:08]} d5 {[%clk 0:15:17]} 4. cxd5
{[%clk 0:09:14]} Nxd5 {[%clk 0:15:25]} 5. e4 {[%clk 0:09:22]} Nxc3
{[%clk 0:15:33]} 6. bxc3 {[%clk 0:09:31]} Bg7 {[%clk 0:15:42]} 7. Bb5+
{[%clk 0:09:39]} c6 {[%clk 0:15:30]} 8. Ba4 {[%clk 0:09:48]} O-O {[%clk 0:15:35]}
9. Nf3 {[%clk 0:09:39]} Bg4 {[%clk 0:14:14]} 10. O-O {[%clk 0:09:37]} e5
{[%clk 0:13:48]} 11. Be3 {[%clk 0:08:02]} Bxf3 {[%clk 0:12:16]} 12. Qxf3
{[%clk 0:07:53]} Qa5 {[%clk 0:12:07]} 13. Bb3 {[%clk 0:07:52]} exd4
{[%clk 0:11:00]} 14. cxd4 {[%clk 0:07:55]} c5 {[%clk 0:10:47]} 15. Rad1
{[%clk 0:07:21]} cxd4 {[%clk 0:10:05]} 16. Rxd4 {[%clk 0:06:12]} Nc6
{[%clk 0:10:14]} 17. Rd5 {[%clk 0:06:08]} Qc7 {[%clk 0:10:22]} 18. Rfd1
{[%clk 0:05:28]} Rad8 {[%clk 0:10:31]} 19. h4 {[%clk 0:05:17]} Ne5
{[%clk 0:05:57]} 20. Qg3 {[%clk 0:05:24]} Rxd5 {[%clk 0:06:06]} 21. Rxd5
{[%clk 0:05:29]} Rd8 {[%clk 0:05:23]} 22. Rc5 {[%clk 0:04:52]} Qd6
{[%clk 0:05:02]} 23. Rb5 {[%clk 0:04:20]} b6 {[%clk 0:04:23]} 24. Bf4
{[%clk 0:04:20]} Re8 {[%clk 0:04:32]} 25. Rd5 {[%clk 0:04:08]} Qc7
{[%clk 0:04:11]} 26. h5 {[%clk 0:04:12]} a6 {[%clk 0:03:50]} 27. Rd1
{[%clk 0:03:38]} b5 {[%clk 0:03:47]} 28. hxg6 {[%clk 0:03:35]} hxg6
{[%clk 0:03:19]} 29. Bxe5 {[%clk 0:03:44]} Rxe5 {[%clk 0:01:41]} 30. Qxg6
{[%clk 0:03:50]} a5 {[%clk 0:01:40]} 31. Bxf7+ {[%clk 0:03:53]} Kf8
{[%clk 0:01:24]} 32. Be6 {[%clk 0:03:41]} Qe7 {[%clk 0:01:06]} 33. Rd8+
{[%clk 0:03:49]} 1-0

[Event "Russian Rapid Championship (m)"]
[Site "Sochi"]
[Date "2022.10.16"]
[Round "7.1"]
[White "Timofeev, Artyom"]
[Black "Artemiev, Vladislav"]
[Result "1/2-1/2"]
[BlackElo "2710"]
[WhiteElo "2560"]
[LiveChessVersion "1.4.8"]

1. e4 {[%clk 0:15:17]} e5 {[%clk 0:15:17]} 2. Nf3 {[%clk 0:15:25]} Nc6
{[%clk 0:15:25]} 3. Bb5 {[%clk 0:15:32]} a6 {[%clk 0:15:31]} 4. Ba4
{[%clk 0:15:40]} Nf6 {[%clk 0:15:38]} 5. O-O {[%clk 0:15:35]} b5 {[%clk 0:15:33]}
6. Bb3 {[%clk 0:15:43]} Bc5 {[%clk 0:15:41]} 7. d3 {[%clk 0:12:09]} O-O
{[%clk 0:15:21]} 8. Nc3 {[%clk 0:11:58]} d6 {[%clk 0:12:42]} 9. Nd5
{[%clk 0:11:02]} h6 {[%clk 0:12:19]} 10. a4 {[%clk 0:09:51]} Rb8 {[%clk 0:11:55]}
11. axb5 {[%clk 0:09:55]} axb5 {[%clk 0:12:03]} 12. h3 {[%clk 0:08:49]} Nxd5
{[%clk 0:11:02]} 13. Bxd5 {[%clk 0:08:57]} Ne7 {[%clk 0:11:11]} 14. Bb3
{[%clk 0:09:04]} Ng6 {[%clk 0:11:08]} 15. Be3 {[%clk 0:06:43]} Qf6
{[%clk 0:09:52]} 16. c3 {[%clk 0:05:59]} Nf4 {[%clk 0:09:03]} 17. Kh2
{[%clk 0:05:00]} b4 {[%clk 0:07:00]} 18. d4 {[%clk 0:04:45]} Bb6 {[%clk 0:07:04]}
19. Bc2 {[%clk 0:03:53]} bxc3 {[%clk 0:06:50]} 20. bxc3 {[%clk 0:04:00]} Re8
{[%clk 0:02:41]} 21. Re1 {[%clk 0:03:52]} Bb7 {[%clk 0:01:57]} 22. Qd2
{[%clk 0:03:04]} Ne6 {[%clk 0:00:54]} 23. Rab1 {[%clk 0:02:35]} Red8
{[%clk 0:00:31]} 24. Kg1 {[%clk 0:02:15]} Ba8 {[%clk 0:00:32]} 25. Ra1
{[%clk 0:02:02]} Bb7 {[%clk 0:00:19]} 26. Rab1 {[%clk 0:02:10]} Ba8
{[%clk 0:00:17]} 1/2-1/2

[Event "Russian Rapid Championship (m)"]
[Site "Sochi"]
[Date "2022.10.16"]
[Round "7.2"]
[White "Sjugirov, Sanan"]
[Black "Vetokhin, Savva"]
[Result "1-0"]
[BlackElo "2250"]
[WhiteElo "2609"]
[LiveChessVersion "1.4.8"]

1. e4 {[%clk 0:15:17]} c5 {[%clk 0:15:15]} 2. Nf3 {[%clk 0:15:19]} d6
{[%clk 0:15:13]} 3. d4 {[%clk 0:15:02]} cxd4 {[%clk 0:15:15]} 4. Nxd4
{[%clk 0:15:10]} Nf6 {[%clk 0:15:21]} 5. Nc3 {[%clk 0:15:17]} Nc6
{[%clk 0:15:30]} 6. Bg5 {[%clk 0:15:20]} e6 {[%clk 0:15:37]} 7. Qd2
{[%clk 0:15:01]} a6 {[%clk 0:15:35]} 8. Nxc6 {[%clk 0:14:42]} bxc6
{[%clk 0:15:38]} 9. O-O-O {[%clk 0:14:47]} Be7 {[%clk 0:15:24]} 10. Bxf6
{[%clk 0:14:48]} gxf6 {[%clk 0:15:32]} 11. Bc4 {[%clk 0:14:51]} Qc7
{[%clk 0:14:25]} 12. Bb3 {[%clk 0:14:52]} Bb7 {[%clk 0:14:31]} 13. Rhe1
{[%clk 0:14:13]} O-O-O {[%clk 0:14:24]} 14. Qe2 {[%clk 0:13:52]} h5
{[%clk 0:13:20]} 15. Kb1 {[%clk 0:13:55]} Kb8 {[%clk 0:13:28]} 16. f4
{[%clk 0:13:16]} Rd7 {[%clk 0:12:22]} 17. a3 {[%clk 0:12:23]} d5 {[%clk 0:12:11]}
18. Qf2 {[%clk 0:10:26]} Rhd8 {[%clk 0:10:50]} 19. g3 {[%clk 0:08:43]} c5
{[%clk 0:08:55]} 20. exd5 {[%clk 0:07:59]} exd5 {[%clk 0:08:59]} 21. Qe2
{[%clk 0:06:52]} d4 {[%clk 0:06:53]} 22. Na2 {[%clk 0:06:26]} Bf8
{[%clk 0:06:27]} 23. Bc4 {[%clk 0:06:28]} h4 {[%clk 0:06:18]} 24. Bxa6
{[%clk 0:05:26]} hxg3 {[%clk 0:06:12]} 25. hxg3 {[%clk 0:05:34]} Qb6
{[%clk 0:03:46]} 26. Bc4 {[%clk 0:05:29]} Re7 {[%clk 0:03:36]} 27. Qd3
{[%clk 0:04:49]} Rde8 {[%clk 0:03:35]} 28. Rxe7 {[%clk 0:04:14]} Rxe7
{[%clk 0:03:44]} 29. Qh7 {[%clk 0:03:56]} Qd8 {[%clk 0:02:38]} 30. Nc1
{[%clk 0:03:36]} Be4 {[%clk 0:02:39]} 31. Qh8 {[%clk 0:03:30]} Rb7
{[%clk 0:02:12]} 32. Nd3 {[%clk 0:03:32]} Qd6 {[%clk 0:01:31]} 33. Re1
{[%clk 0:03:24]} f5 {[%clk 0:01:28]} 34. g4 {[%clk 0:03:12]} Ka7 {[%clk 0:01:14]}
35. gxf5 {[%clk 0:03:15]} Bxd3 {[%clk 0:01:23]} 36. cxd3 {[%clk 0:02:58]} Qb8
{[%clk 0:01:02]} 37. Qh2 {[%clk 0:02:03]} Bd6 {[%clk 0:01:04]} 38. Qc2
{[%clk 0:02:11]} Rb6 {[%clk 0:00:48]} 39. Qa4+ {[%clk 0:02:18]} Kb7
{[%clk 0:00:57]} 40. Re8 {[%clk 0:02:22]} 1-0

[Event "Russian Rapid Championship (m)"]
[Site "Sochi"]
[Date "2022.10.16"]
[Round "7.3"]
[White "Salemgareev, Tagir"]
[Black "Shomoev, Anton"]
[Result "0-1"]
[BlackElo "2553"]
[WhiteElo "2432"]
[LiveChessVersion "1.4.8"]

1. d4 {[%clk 0:15:17]} Nf6 {[%clk 0:15:07]} 2. c4 {[%clk 0:15:25]} g6
{[%clk 0:15:15]} 3. Nc3 {[%clk 0:15:34]} d5 {[%clk 0:15:24]} 4. cxd5
{[%clk 0:15:42]} Nxd5 {[%clk 0:15:33]} 5. e4 {[%clk 0:15:50]} Nxc3
{[%clk 0:15:42]} 6. bxc3 {[%clk 0:15:59]} Bg7 {[%clk 0:15:51]} 7. Be3
{[%clk 0:16:07]} c5 {[%clk 0:16:00]} 8. Nf3 {[%clk 0:16:16]} Qa5 {[%clk 0:16:08]}
9. Qd2 {[%clk 0:16:24]} O-O {[%clk 0:16:15]} 10. Rc1 {[%clk 0:16:33]} Bg4
{[%clk 0:16:15]} 11. d5 {[%clk 0:16:41]} b5 {[%clk 0:16:17]} 12. Bxc5
{[%clk 0:16:05]} Rc8 {[%clk 0:16:14]} 13. Bd4 {[%clk 0:15:56]} Bxf3
{[%clk 0:16:22]} 14. Bxg7 {[%clk 0:13:52]} Bxg2 {[%clk 0:15:23]} 15. Bxg2
{[%clk 0:13:59]} Kxg7 {[%clk 0:15:32]} 16. h4 {[%clk 0:13:42]} h5
{[%clk 0:14:50]} 17. e5 {[%clk 0:13:19]} Nd7 {[%clk 0:13:49]} 18. e6
{[%clk 0:13:06]} Nf6 {[%clk 0:12:25]} 19. exf7 {[%clk 0:09:31]} Rc4
{[%clk 0:12:31]} 20. Rh3 {[%clk 0:09:39]} Rf8 {[%clk 0:11:33]} 21. Kf1
{[%clk 0:06:44]} Rxf7 {[%clk 0:11:36]} 22. Re1 {[%clk 0:06:52]} Ng4
{[%clk 0:11:04]} 23. Bf3 {[%clk 0:05:41]} Rxf3 {[%clk 0:08:56]} 24. Rxf3
{[%clk 0:05:49]} Nh2+ {[%clk 0:09:05]} 25. Kg2 {[%clk 0:05:58]} Nxf3
{[%clk 0:09:14]} 26. Rxe7+ {[%clk 0:06:02]} Kf8 {[%clk 0:09:19]} 27. Qe3
{[%clk 0:05:47]} Qd8 {[%clk 0:06:15]} 28. Re6 {[%clk 0:05:01]} Nxh4+
{[%clk 0:04:49]} 29. Kf1 {[%clk 0:04:43]} Nf5 {[%clk 0:03:59]} 30. Qe5
{[%clk 0:04:18]} Kf7 {[%clk 0:03:25]} 31. Ra6 {[%clk 0:03:54]} Qe7
{[%clk 0:02:44]} 32. Qb8 {[%clk 0:03:29]} Rc7 {[%clk 0:01:25]} 33. Re6
{[%clk 0:03:27]} Qd7 {[%clk 0:01:33]} 34. Qh8 {[%clk 0:03:22]} Ng7
{[%clk 0:01:25]} 35. Qh7 {[%clk 0:03:30]} Qxd5 {[%clk 0:00:57]} 36. Qxg6+
{[%clk 0:03:37]} Kf8 {[%clk 0:01:05]} 0-1

[Event "Russian Rapid Championship (m)"]
[Site "Sochi"]
[Date "2022.10.16"]
[Round "7.4"]
[White "Bryakin, Mikhail"]
[Black "Rozum, Ivan"]
[Result "0-1"]
[BlackElo "2540"]
[WhiteElo "2369"]
[LiveChessVersion "1.4.8"]

1. d4 {[%clk 0:15:18]} Nf6 {[%clk 0:15:15]} 2. c4 {[%clk 0:15:26]} d6
{[%clk 0:15:20]} 3. Nf3 {[%clk 0:15:31]} g6 {[%clk 0:15:27]} 4. g3
{[%clk 0:15:38]} Bg7 {[%clk 0:15:35]} 5. Bg2 {[%clk 0:15:46]} Bf5
{[%clk 0:15:43]} 6. Nc3 {[%clk 0:15:35]} Ne4 {[%clk 0:15:28]} 7. Bd2
{[%clk 0:14:48]} Nxd2 {[%clk 0:15:10]} 8. Qxd2 {[%clk 0:14:56]} O-O
{[%clk 0:15:07]} 9. O-O {[%clk 0:14:56]} c5 {[%clk 0:13:32]} 10. e3
{[%clk 0:14:45]} Nc6 {[%clk 0:13:27]} 11. Rfd1 {[%clk 0:14:45]} Bg4
{[%clk 0:13:10]} 12. Ne2 {[%clk 0:13:42]} Qc8 {[%clk 0:12:49]} 13. Rac1
{[%clk 0:12:43]} Qf5 {[%clk 0:11:53]} 14. Ne1 {[%clk 0:08:34]} cxd4
{[%clk 0:05:25]} 15. f3 {[%clk 0:08:25]} dxe3 {[%clk 0:04:22]} 16. Qxe3
{[%clk 0:07:57]} Bh3 {[%clk 0:04:27]} 17. g4 {[%clk 0:07:42]} Bxg4
{[%clk 0:04:35]} 18. fxg4 {[%clk 0:07:31]} Qxg4 {[%clk 0:04:43]} 19. b3
{[%clk 0:06:40]} a5 {[%clk 0:04:47]} 20. a4 {[%clk 0:06:25]} Rad8
{[%clk 0:03:45]} 21. Kh1 {[%clk 0:06:27]} e6 {[%clk 0:03:01]} 22. Nd3
{[%clk 0:05:44]} d5 {[%clk 0:02:36]} 23. cxd5 {[%clk 0:05:50]} exd5
{[%clk 0:02:45]} 24. Qf3 {[%clk 0:05:55]} Qg5 {[%clk 0:02:39]} 25. Rc5
{[%clk 0:05:48]} Qe7 {[%clk 0:02:19]} 26. Rd2 {[%clk 0:04:53]} Ne5
{[%clk 0:01:27]} 27. Qe3 {[%clk 0:04:27]} d4 {[%clk 0:01:36]} 28. Qe4
{[%clk 0:04:22]} Rfe8 {[%clk 0:01:41]} 29. Rb5 {[%clk 0:04:02]} f5
{[%clk 0:01:19]} 30. Qxb7 {[%clk 0:01:56]} Nxd3 {[%clk 0:01:26]} 31. Bd5+
{[%clk 0:01:56]} Kh8 {[%clk 0:01:09]} 32. Qxe7 {[%clk 0:01:52]} Rxe7
{[%clk 0:01:18]} 33. Rxd3 {[%clk 0:01:31]} Rxe2 {[%clk 0:01:26]} 34. Rxa5
{[%clk 0:01:32]} Re3 {[%clk 0:00:31]} 35. Rxe3 {[%clk 0:01:23]} dxe3
{[%clk 0:00:40]} 36. Bf3 {[%clk 0:01:02]} Bb2 {[%clk 0:00:22]} 37. Kg2
{[%clk 0:00:39]} Rd2+ {[%clk 0:00:30]} 38. Kg3 {[%clk 0:00:49]} Kg7
{[%clk 0:00:20]} 39. Ra7+ {[%clk 0:00:34]} Kf6 {[%clk 0:00:29]} 40. Rxh7
{[%clk 0:00:36]} Be5+ {[%clk 0:00:35]} 0-1